[Event "SVK-ch U12"]
[Site "Liptovsky Mikulas"]
[Date "2019.04.25"]
[Round "4"]
[White "Orgon, Jakub"]
[Black "Kuskov, Oliver"]
[Result "1-0"]
[WhiteElo "1360"]
[BlackElo "1212"]
[PlyCount "41"]
[EventDate "2019.04.23"]
[EventType "swiss"]
[EventRounds "9"]
[EventCountry "SVK"]
[SourceTitle "CBM 190 Extra"]
[Source "ChessBase"]
[SourceDate "2019.07.15"]
[SourceVersion "1"]
[SourceVersionDate "2019.07.15"]
[SourceQuality "1"]

1. e4 e5 2. f4 exf4 3. Nf3 Be7 4. Bc4 Bh4+ 5. g3 fxg3 6. 0-0 gxh2+ 7. Kh1 b6 8. d3 Bb7 9. Bxf7+ Kf8 10. Nxh4 Qxh4 11. Bd5+ Nf6 12. Bxb7 Ke8 13. Bxa8 Ng4 14. Qf3 d6 15. Qf7+ Kd8 16. Qf5 Nd7 17. Bg5+ Kc8 18. Bxh4 Ne3 19. Qb5 Nxf1 20. Qa6+ Kb8 21. Qb7# 1-0

[Event "SVK-ch U10"]
[Site "Liptovsky Mikulas"]
[Date "2018.04.24"]
[Round "6"]
[White "Durana, Jonas"]
[Black "Kuskov, Oliver"]
[Result "1-0"]
[WhiteElo "1146"]
[BlackElo "1000"]
[PlyCount "87"]
[EventDate "2018.04.21"]
[EventType "swiss"]
[EventRounds "9"]
[EventCountry "SVK"]
[SourceTitle "CBM 184 Extra"]
[Source "ChessBase"]
[SourceDate "2018.06.28"]
[SourceVersion "1"]
[SourceVersionDate "2018.06.28"]
[SourceQuality "1"]

1. e4 e5 2. Nf3 Nf6 3. Nxe5 d6 4. Nf3 Nxe4 5. d3 Nf6 6. Nc3 d5 7. Be3 Nc6 8. d4 Bg4 9. Be2 Be7 10. 0-0 0-0 11. a3 h6 12. h3 Bf5 13. Nh4 Be6 14. Qd3 a6 15. f4 Nd7 16. Nf3 Nb6 17. b3 Qd7 18. Nh2 Bf5 19. Qd2 Rfe8 20. g4 Be4 21. Bf3 Bxf3 22. Nxf3 Rad8 23. Rad1 Bxa3 24. Na2 Bd6 25. Rfe1 Re7 26. Nc3 Rde8 27. Ne5 Nxe5 28. dxe5 Bb4 29. Bxb6 cxb6 30. Re3 Bc5 31. Nxd5 Bxe3+ 32. Qxe3 Re6 33. Nf6+ gxf6 34. Rxd7 Rc8 35. Rxb7 Rxc2 36. Rb8+ Kg7 37. exf6+ Kxf6 38. Rxb6 Rxb6 39. Qxb6+ Kg7 40. Qxa6 Rc1+ 41. Kf2 Rc2+ 42. Ke1 Rc3 43. Qa1 f6 44. Qxc3 1-0